Agricultural policies in OECD countries measurement of support and background information 1998

Salvato in:
Dettagli Bibliografici
Natura: Libro
Lingua:inglese
Pubblicazione: Paris OECD 1998
Soggetti:
Tags: Aggiungi Tag
Nessun Tag, puoi essere il primo ad aggiungerne!!

MARC

LEADER 00000nam a2200000 4500
001 c114053
005 20221221084103.5
020 |a 92-64-16043-4 
041 0 |a eng 
044 |a FR 
245 1 0 |a Agricultural policies in OECD countries  |b measurement of support and background information 1998 
264 1 |a Paris  |b OECD  |c 1998 
300 |a 164 s. 
610 2 0 |a politika poľnohospodárska 
610 2 0 |a ukazovatele makroekonomické 
610 2 0 |a ukazovatele hodnotové 
610 2 0 |a ukazovatele produkcie 
610 2 0 |a ukazovatele štatistické 
610 2 0 |a poľnohospodárstvo 
610 2 0 |a OECD